Constitución política de la República de Chile: con las modificaciones introducidas por la ley 18.825 aprobadas en el Plebiscito del 30-7-89
-д хадгалсан:
| Формат: | Ном |
|---|---|
| Хэл сонгох: | испани |
| Хэвлэсэн: |
Santiago
Universitaria
1989
|
| Нөхцлүүд: | |
| Шошгууд: |
Шошго нэмэх
Шошго байхгүй, Энэхүү баримтыг шошголох эхний хүн болох!
|
MARC
| LEADER | 00000nam a2200000 a 4500 | ||
|---|---|---|---|
| 001 | UCX1251 | ||
| 003 | CL-VaPUC | ||
| 008 | 900705e19890000CL |||||||||||||||||spa|d | ||
| 082 | 0 | 4 | |a 342.83 |b CON |2 21 |
| 245 | 1 | 0 | |a Constitución política de la República de Chile: con las modificaciones introducidas por la ley 18.825 aprobadas en el Plebiscito del 30-7-89 |
| 300 | |a 101 p | ||
| 942 | |c BK | ||
| 945 | |d 19900705 00:00:00 | ||
| 260 | |a Santiago |b Universitaria |c 1989 | ||
| 500 | |a Texto forma parte del libro Introducción a la vida cívica | ||
| 650 | 7 | |a CONSTITUCION 1989 |2 CL-VaPUC |9 255905 | |
| 651 | 7 | |a CHILE |2 CL-VaPUC |9 316683 | |
| 583 | |a last modification |c 19900705 00:00:00 |k Rodrigo Vera | ||
| 999 | |c 222523 |d 222521 | ||
| 952 | |0 0 |1 0 |4 0 |6 342_830000000000000_CON_1989 |7 0 |8 A |9 217384 |a BIBHIS |b BIBHIS |d 2019-11-15 |i 2863421 |o 342.83 CON 1989 |p 2863421 |r 2025-01-20 |w 2019-11-15 |y BK |k HIS | ||